000 00464nam a2200169Ia 4500
008 240729s9999 xx 000 0 und d
022 _a1178-6957
245 0 _aStem Cells and Cloning: Advances and Applications
260 _aUnited Kingdom
260 _bDove Medical Press
650 _a Biology (General)
650 _a Cytology
650 _aScience
856 _uhttps://doaj.org/toc/7da5d52e33fe45d991562895598ace96
942 _2ddc
942 _cDOAJEJ
999 _c73604
_d73604
945 _a1
_bMadushi Gamage
_c1
_dMadushi Gamage